| 000 | 00716na a2200241 4500 | ||
|---|---|---|---|
| 001 | 18636 | ||
| 003 | MIRAKIL | ||
| 005 | 20181213155041.0 | ||
| 008 | 161122b tu 000 0 | ||
| 020 | _a975845854X | ||
| 040 |
_aMilas _btur _cTR-AnCHP |
||
| 041 | _atur | ||
| 082 |
_a351.00919561 _bB23 2002 |
||
| 090 | _a351.00919561 B23 2002 | ||
| 245 | _aBağımsız düzenleyici kurumlar ve Türkiye uygulaması | ||
| 260 |
_aİstanbul _bTÜSİAD _c2002 |
||
| 300 |
_a253 s. _btbl.; _c28 sm. |
||
| 490 |
_aTÜSİAD - T _vyayın no: 349 |
||
| 504 | _aKaynakça var. | ||
| 610 | _aTürk Sanayicileri ve İş Adamları Derneği | ||
| 650 |
_aDüzenleyici kuruluşlar _xuygulamalar _zTürkiye |
||
| 942 |
_2ddc _cBKS |
||
| 999 |
_c5608 _d5608 |
||